Normal view MARC view

Entry Personal Name

Number of records used in: 1

001 - CONTROL NUMBER

  • control field: 57012

003 - CONTROL NUMBER IDENTIFIER

  • control field: OSt

005 - DATE AND TIME OF LATEST TRANSACTION

  • control field: 20251003163904.0

008 - FIXED-LENGTH DATA ELEMENTS

  • fixed length control field: 251003|| aca||aabn | a|a d

040 ## - CATALOGING SOURCE

  • Original cataloging agency: OSt
  • Transcribing agency: OSt

100 ## - HEADING--PERSONAL NAME

  • Personal name: Shagirbasha, Shameem

670 ## - SOURCE DATA FOUND

  • Source citation: Work cat.: (OSt)527298: Shagirbasha, Shameem , Journey of an edupreneur design-thinking approach

Powered by Koha